[Event "Pardubice rapid op 33rd"]
[Site "Pardubice"]
[Date "2022.07.20"]
[Round "2"]
[White "Kotlant, Tomas"]
[Black "Jonsson, Gauti Pall"]
[Result "0-1"]
[WhiteElo "1625"]
[BlackElo "2071"]
[PlyCount "96"]
[EventDate "2022.07.20"]
[EventType "swiss (rapid)"]
[EventRounds "9"]
[EventCountry "CZE"]
[SourceTitle "CBM 209 Extra"]
[Source "ChessBase"]
[SourceDate "2022.09.30"]
[SourceVersion "1"]
[SourceVersionDate "2022.09.30"]
[SourceQuality "1"]

1. e4 e6 2. d4 d5 3. e5 c5 4. c3 Nc6 5. Nf3 Nge7 6. g4 h5 7. gxh5 Nf5 8. Bh3 Qb6 9. Bxf5 exf5 10. h6 g6 11. Qb3 Bxh6 12. Nbd2 cxd4 13. cxd4 Qxb3 14. Nxb3 Nb4 15. Kd1 Nd3 16. Ke2 Nxc1+ 17. Nxc1 Bd7 18. a4 Rc8 19. Kd3 Ke7 20. Ne2 a6 21. Nc3 Ke6 22. h4 Rc4 23. b3 Rb4 24. Rab1 Rb6 25. h5 g5 26. b4 Rc6 27. b5 axb5 28. Rxb5 Rxc3+ 29. Kxc3 Bxb5 30. axb5 Rc8+ 31. Kd3 Rc4 32. Rb1 g4 33. Ne1 f4 34. Nc2 Ra4 35. Rg1 Kf5 36. Re1 Ra5 37. Rb1 Kg5 38. Rh1 Rxb5 39. Kc3 Ra5 40. f3 gxf3 41. Ne1 Ra3+ 42. Kb4 Bf8+ 43. Kb5 f2 44. Nc2 Rb3+ 45. Ka4 Rb2 46. h6 Rxc2 47. h7 Bg7 48. Rh2 f1Q 0-1

[Event "Pardubice Czech op-D 29th"]
[Site "Pardubice"]
[Date "2018.07.27"]
[Round "8"]
[White "Benci, Rudolf"]
[Black "Kotlant, Tomas"]
[Result "1-0"]
[WhiteElo "1611"]
[BlackElo "1664"]
[PlyCount "59"]
[EventDate "2018.07.21"]
[EventType "swiss"]
[EventRounds "9"]
[EventCountry "CZE"]
[SourceTitle "CBM 186 Extra"]
[Source "ChessBase"]
[SourceDate "2018.08.24"]
[SourceVersion "1"]
[SourceVersionDate "2018.08.24"]
[SourceQuality "1"]

1. d4 d5 2. Nf3 Nf6 3. e3 Bf5 4. c4 c6 5. Nc3 e6 6. Be2 Nbd7 7. 0-0 Bd6 8. b3 h6 9. Bb2 0-0 10. cxd5 exd5 11. a4 Re8 12. Ba3 Bc7 13. b4 Ne4 14. Rc1 g5 15. b5 Re6 16. bxc6 bxc6 17. Nxe4 Bxe4 18. Nd2 g4 19. Nxe4 dxe4 20. g3 h5 21. d5 cxd5 22. Qxd5 Nf6 23. Qg5+ Kh7 24. Rfd1 Qb8 25. Bc4 Rb6 26. Bxf7 Qf8 27. Bxf8 Rxf8 28. Rxc7 Kh8 29. Qh6+ Nh7 30. Bg6 1-0